| 000 | 00387 a2200145 4500 | ||
|---|---|---|---|
| 999 |
_c12421 _d12421 |
||
| 003 | OSt | ||
| 005 | 20240117122829.0 | ||
| 008 | 240117b ||||| |||| 00| 0 eng d | ||
| 020 | _a9789492311450 | ||
| 082 |
_a724.6 _bFIN |
||
| 100 | _aFinnerty-Pyne, Sinéad | ||
| 245 | _aArchitecture is a social act : Lorcan O'Herlihy Architects | ||
| 260 |
_bFrame Publishers BV _c2020 |
||
| 942 | _2ddc | ||